| 000 | 00789nam a2200229Ia 4500 | ||
|---|---|---|---|
| 001 | 18011 | ||
| 003 | GE_BSU | ||
| 008 | 181216s||||||||xx |||||||||||||| ||und|| | ||
| 040 | _cGE_BSU | ||
| 080 | _a811.351.21'367.625 | ||
| 100 | _aბურჭულაძე, გენადი | ||
| 245 | _aლაკური ზმნა: დრო-კილოთა სისტემა | ||
| 245 | _cრედ.: ილ. ცერცვაძე | ||
| 260 | _aთბილისი | ||
| 260 | _bმეცნიერება | ||
| 260 | _c1987 | ||
| 300 | _a177გვ. ; 21სმ | ||
| 300 | _eბიბლიოგრ.: 162-171. | ||
| 520 | _aრეზ. რუს. ენ. | ||
| 653 | _aლაკური ზმნა: დრო-კილოთა სისტემა | ||
| 942 | _cBK | ||
| 999 |
_c51054 _d51054 |
||